00333nam a2200121Ia 4500008004100000041000800041082001800049100001800067245004500085260004200130300003000172365000900202240624s9999 xx 000 0 und d aeng a658.15224 KOT aKOTLER PHILIP aATTRACTING INVESTORS A MARKETING APPROAC c2004aNew JerseybJohn Wiley and Sons aix, : 246 : p. : cm. ; 24 cb28